000
00273pab a2200109 454500
008
180718b xxu||||| |||| 00| 0 eng d
100
_a
Singh, Shamsher
245
_a
Implications for an urban policy
650
_a
Cities and Towns
773
_a
Financial Express
909
_a
21630
999
_c
21630
_d
21630